000 00611nam a22002057a 4500
003 DO-SdBNP
005 20211015134732.0
007 ta
008 210621b | 0 eng d
020 _a9789945091434
040 _aDO-SdBNP
_bspa
_cBNPHU
100 1 _aDel Risco, Minerva,
_d1961-
_978935
245 1 3 _aEl envés de mil voces /
_cMinerva Del Risco.
260 _aSanto Domingo :
_bCielonaranja,
_c2018.
300 _a117 p. :
_bil. ;
_c21 cm.
500 _aIncluye datos biográficos de la autora en la solapa de la cubierta.
590 _aInventariado, 2021 /LP
910 _aLopérez
942 _2ddc
_cLBS1
999 _c49967
_d49967